Feeling thankful / (Record no. 2903)

MARC details
000 -LEADER
fixed length control field 00994cam a22002894a 4500
005 - DATE AND TIME OF LATEST TRANSACTION
control field 20250602120323.0
020 ## - INTERNATIONAL STANDARD BOOK NUMBER
International Standard Book Number 0439321670
020 ## - INTERNATIONAL STANDARD BOOK NUMBER
International Standard Book Number 0761314377 (pbk.)
040 ## - CATALOGING SOURCE
Original cataloging agency DLC
Transcribing agency DLC
Modifying agency DLC
Language of cataloging eng
050 00 - LIBRARY OF CONGRESS CALL NUMBER
Classification number BF575.G68
Item number 2000
082 00 - DEWEY DECIMAL CLASSIFICATION NUMBER
Classification number 179.9
100 1# - MAIN ENTRY--PERSONAL NAME
Personal name Rotner, Shelley
245 10 - TITLE STATEMENT
Title Feeling thankful /
Statement of responsibility, etc. written by Shelley Rotner and Sheila Kelly ; photographs by Shelley Rotner.
250 ## - EDITION STATEMENT
Edition statement First Scholastic printing, October 2001
260 ## - PUBLICATION, DISTRIBUTION, ETC.
Place of publication, distribution, etc. New York :
Name of publisher, distributor, etc. Scholastic ,
Date of publication, distribution, etc. 2000
300 ## - PHYSICAL DESCRIPTION
Extent 22 unnumbered pages :
Other physical details color illustrations ;
Dimensions 24 cm.
505 ## - FORMATTED CONTENTS NOTE
Formatted contents note E <br/>
520 ## - SUMMARY, ETC.
Summary, etc. "Full-color photographs and simple text illustrate a variety of basic things for which people are thankful"--Provided by publisher.
521 ## - TARGET AUDIENCE NOTE
Target audience note 210 <br/>
Source Lexile <br/>
521 ## - TARGET AUDIENCE NOTE
Target audience note E <br/>
Source Raz-Plus <br/>
650 #0 - SUBJECT ADDED ENTRY--TOPICAL TERM
Topical term or geographic name entry element Gratitude
Form subdivision Juvenile literature.
650 #1 - SUBJECT ADDED ENTRY--TOPICAL TERM
Topical term or geographic name entry element Gratitude.
700 1# - ADDED ENTRY--PERSONAL NAME
Personal name Kelly, Sheila M
906 ## - LOCAL DATA ELEMENT F, LDF (RLIN)
a 7
b cbc
c orignew
d 1
e ocip
f 20
g y-gencatlg
942 ## - ADDED ENTRY ELEMENTS (KOHA)
Source of classification or shelving scheme Dewey Decimal Classification
Koha item type Books
Suppress in OPAC No
999 ## -
-- 2903
-- 2903
Holdings
Withdrawn status Lost status Source of classification or shelving scheme Damaged status Not for loan Collection Home library Current library Shelving location Date acquired Total Checkouts Full call number Barcode Date last seen Date last checked out Copy number Price effective from Koha item type
    Dewey Decimal Classification     Non-Fiction Footprints International School Library Network Toul Kork Campus Footprints International School Library Network Toul Kork Campus TK Primary Library Room(4th Floor), Bookcase 7, Shelves 57-60, Dark Green Books 04/28/2025   ROT 179.9 BF575.G68 FISTK02676 04/28/2025   2 04/28/2025 Books
    Dewey Decimal Classification     Non-Fiction Footprints International School Library Network Toul Kork Campus Footprints International School Library Network Toul Kork Campus TK Primary Library Room(4th Floor), Bookcase 7, Shelves 57-60, Dark Green Books 06/02/2025   ROT 179.9 BF575.G68 FISBK06010 06/02/2025   3 06/02/2025 Books
    Dewey Decimal Classification     Non-Fiction Footprints International School Library Network Toul Tom Poung Campus Footprints International School Library Network Toul Tom Poung Campus TTP Primary Green Bookshelves 01/23/2024 1 ROT 179.9 BF575.G68 FISBK06068 01/23/2026 01/09/2026 1 01/23/2024 Books